000 00321nam a22001457a 4500
008 231102b ||||| |||| 00| 0 eng d
020 _a9780137470563
041 _aeng
080 _a521
082 _a521DUF
100 _a19
101 _aASTRO
245 _aQUANTRUM STATES PROCESSES
_cDUFFEY .H.G
942 _2udc
_cBK
999 _c60486
_d60486